|
|
|
|
| LEADER |
01431nam a2200385 a 4500 |
| 001 |
EBC296802 |
| 003 |
MiAaPQ |
| 005 |
20200520144314.0 |
| 006 |
m o d | |
| 007 |
cr cn||||||||| |
| 008 |
050204s2004 enka s 001 0 eng d |
| 010 |
|
|
|z 2005357182
|
| 020 |
|
|
|z 0750658541
|
| 035 |
|
|
|a (MiAaPQ)EBC296802
|
| 035 |
|
|
|a (Au-PeEL)EBL296802
|
| 035 |
|
|
|a (CaPaEBR)ebr10180888
|
| 035 |
|
|
|a (CaONFJC)MIL101420
|
| 035 |
|
|
|a (OCoLC)437182162
|
| 040 |
|
|
|a MiAaPQ
|c MiAaPQ
|d MiAaPQ
|
| 050 |
|
4 |
|a HD30.2
|b .B26 2004
|
| 082 |
0 |
4 |
|a 004.068/1
|2 22
|
| 100 |
1 |
|
|a Bannister, Frank.
|
| 245 |
1 |
0 |
|a Purchasing and financial management of information technology
|h [electronic resource] /
|c Frank Bannister.
|
| 260 |
|
|
|a Oxford ;
|a Burlington, MA :
|b Elsevier/Butterworth-Heinemann,
|c 2004.
|
| 300 |
|
|
|a xii, 371 p. :
|b ill.
|
| 490 |
1 |
|
|a Computer weekly professional series
|
| 500 |
|
|
|a Includes index.
|
| 533 |
|
|
|a Electronic reproduction. Ann Arbor, MI : ProQuest, 2015. Available via World Wide Web. Access may be limited to ProQuest affiliated libraries.
|
| 650 |
|
0 |
|a Information technology
|x Management.
|
| 650 |
|
0 |
|a Information technology
|x Costs.
|
| 650 |
|
0 |
|a Information resources management.
|
| 655 |
|
4 |
|a Electronic books.
|
| 710 |
2 |
|
|a ProQuest (Firm)
|
| 830 |
|
0 |
|a Computer weekly professional series.
|
| 856 |
4 |
0 |
|u https://ebookcentral.proquest.com/lib/matrademy/detail.action?docID=296802
|z Click to View
|